| 000 | 01023nam a2200217Ia 4500 | ||
|---|---|---|---|
| 001 | 17319 | ||
| 003 | GE_BSU | ||
| 008 | 181216s||||||||xx |||||||||||||| ||und|| | ||
| 040 | _cGE_BSU | ||
| 080 | _a821.353.1-92 | ||
| 100 | _aნიკოლაძე,ნიკო | ||
| 245 | _aთხზულებანი:ტომი 4 | ||
| 245 | _cდ.მ.გამეზარდაშვილის რედ. და შენიშვნებით;სარედ.კოლ.:ვ.ბახტაძე და სხვ.;ტომი დასაბეჭდად მოამზადა და სახელთა საძიებელი დაურთო მ.ი. კანდელაკმა.-თსუ,ჟურნალისტიკის კათედრა | ||
| 260 | _aთბილისი | ||
| 260 | _bსაბჭ.საქართველო | ||
| 260 | _c1964 | ||
| 300 | _a614გვ.;23სმ | ||
| 300 | _e1ფ.პორტრ. | ||
| 653 | _aთხზულებანი | ||
| 942 | _cBK | ||
| 999 |
_c50378 _d50378 |
||